UBT Library

The Field analyzer primer / (Record no. 39262)

000 -LEADER
fixed length control field 00565pam a2200217 a 4500
001 - CONTROL NUMBER
control field 3840495
005 - DATE AND TIME OF LATEST TRANSACTION
control field 20171221035738.0
008 - FIXED-LENGTH DATA ELEMENTS--GENERAL INFORMATION
fixed length control field 870616s1987 caua b 001 0 eng
010 ## - LIBRARY OF CONGRESS CONTROL NUMBER
LC control number 87016900
020 ## - INTERNATIONAL STANDARD BOOK NUMBER
International Standard Book Number 0939425017 (pbk.)
040 ## - CATALOGING SOURCE
Original cataloging agency DLC
Transcribing agency DLC
Modifying agency DLC
041 ## - LANGUAGE CODE
Language code of text/sound track or separate title eng
080 ## - UNIVERSAL DECIMAL CLASSIFICATION NUMBER
Universal Decimal Classification number 617.715 HAL
082 00 - DEWEY DECIMAL CLASSIFICATION NUMBER
Classification number 617.715 HAL
Edition number 19
100 ## - Rafti
Rafti 4
101 ## - Shkurtesa
Shkurtesa SHM
245 04 - TITLE STATEMENT
Title The Field analyzer primer /
Statement of responsibility, etc edited by Mary Jean Haley.
504 ## - BIBLIOGRAPHY, ETC. NOTE
Bibliography, etc Bibliography: p. 161-164.
906 ## - LOCAL DATA ELEMENT F, LDF (RLIN)
a 7
b cbc
c orignew
d 1
e ocip
f 19
g y-gencatlg
942 ## - ADDED ENTRY ELEMENTS (KOHA)
Source of classification or shelving scheme
Item type Books
Holdings
Withdrawn status Lost status Source of classification or shelving scheme Damaged status Not for loan Permanent location Current location Date acquired Total Checkouts Full call number Barcode Date last seen Price effective from Koha item type
          UBT - Lipjan UBT - Lipjan 12/21/2017   617.715 HAL 002-2939680 12/21/2017 12/21/2017 Books
UBT Library © 2015-2024. All rights reserved University Education for Business and Technology